00475nam a2200193Ia 4500008004100000020001800041050001400059100002400073245002000097245004300117245002700160260001500187260001600202260000900218300001600227300002000243300001000263500000800273170918s9999 xx 000 0 und d a9780439385787 bC674 2004 aCofer, Judith Ortiz aCall me Maria : ba novel in letters, poems, and prose / cby Judith Ortiz Cofer. aNew York : bScholastic, c2004 a127 pages : billustrations ; c17cm. a970